| 000 | 00499nam a2200181Ia 4500 | ||
|---|---|---|---|
| 005 | 20250326124143.0 | ||
| 008 | 250326s9999 xx 000 0 und d | ||
| 037 | _aTextbook | ||
| 040 |
_aFMSL _beng _cFMSL |
||
| 041 |
_aeng _2eng |
||
| 084 |
_aX:5.1 M6 _qFMSL |
||
| 100 |
_aHazari B R _9736872 |
||
| 245 | 0 |
_aInternational trade theoretical issues _cHazari B R |
|
| 260 |
_aLondon _bLondon, Croom Helm _c1986 |
||
| 300 | _a372p | ||
| 942 |
_cTB _hX:5.1 M6 |
||
| 999 |
_c1272503 _d1272503 |
||